| 000 | 00597nam a2200181Ia 4500 | ||
|---|---|---|---|
| 001 | 17663 | ||
| 003 | GE_BSU | ||
| 008 | 181216s||||||||xx |||||||||||||| ||und|| | ||
| 040 | _cGE_BSU | ||
| 080 | _a666.9(035.5) | ||
| 245 | _aСправочник по производству цемента. | ||
| 245 | _cПод ред. И.И.Холина. Б.Г.Скрамтаев(главный ред.) | ||
| 260 | _bГосстройиздат. | ||
| 260 | _c1963. | ||
| 300 | _a851 стр. с илл. 21 см. | ||
| 653 | _aСправочник по производству цемента. | ||
| 942 | _cBK | ||
| 999 |
_c50712 _d50712 |
||